000 01549nam a2200337Ia 4500
001 Z_6386
008 220601s9999 xx 000 0 und d
082 _a583.47 S56
111 _aSimposium Taller Nacional y Internaconal Producción y Aprovechamiento de Nopal y Maguey (11: 2012 Octubre 12-13: Nuevo León, México)
_9183630
245 _aMemorias del XI Simposium-Taller Nacional y VI Internacional Producción y aprobechamiento de nopal y maguey: desarrollo y bienestrar sustentable a travéz del nopal y maguey / coordinación editorial E. Vázquez-Alvarado, F. Blanco-Macias ...[et. al.]
260 _aMéxico : Universidad Autónoma de Nuevo León: Facultad de Agronomía
300 _a236 p.
503 _aej.1. Donación
504 _aIncluye bibliografía e índice
650 _a1. Cactasea
650 _aCactaseas como forraje
650 _aNopal forrajero
650 _aAgave como forraje
650 _aNopal-Rendimiento
650 _aNopal-Fisiologia y Morfologia
650 _aNopal-Mejoramiento
650 _aNopal -- Aprovechamiento
700 _aVázquez-Alvarado, R. E., coor. \ Blanco Macías, F., coor.
_9183632
710 _aUniversidad Autónoma de Nuevo León (México).
_9183633
711 _aSimposium Taller Nacional y IV Internaconal Producción y Aprovechamiento de Nopal y Maguey (11: 2012 Octubre 12-13: Nuevo León, México) Ì
_9183634
901 _a583.47 S56
902 _aM
905 _a5232272012 mx amn 8221313311spa16
942 _c1
999 _c217130
_d217130